000 00319nam a2200133Ia 4500
005 20251222155040.0
008 251222s9999||||xx |||||||||||||| ||spa||
082 _aSIC.66.1-2/Ej.2
100 _aCooperación técnica
245 0 _aAprendiendo a crecer módulo I
250 _a1ra. ed.
264 _bGTZ
942 _cLIB
999 _c36893
_d36893